• 首页
  • 本馆介绍
  • 公告通知
  • 最新文献
  • 馆藏检索
  • 电子资源
  • 读者导购
  • 参考咨询
  • 我的图书馆
  • 登录
  • 详细信息显示
  • 放入我的书架
  • 预约/预借图书
  • 作者相关作品
  • 分类相关作品
  • 丛书相关作品
  • 出版社相关作品

书目信息

  • 表格格式
  • 工作单格式
  • 卡片格式
题名:
千家诗
    
 
作者: 耿建华 编著
分册: 下册   七绝七律
出版信息: 济南   济南出版社  2018
页数: 352页
开本: 26cm
丛书名: 国际儒学联合会教育系列丛书
单 册:
中图分类: I222.72
科图分类:
主题词: 近体诗--jin ti shi--诗集--中国--古代
电子资源:
ISBN: 978-7-5488-2981-2
000 01407nam 2200301 450
001 012001008700
005 20191029090132.84
010    @a978-7-5488-2981-2@dCNY59.00
099    @aCAL 012018094088
100    @a20180722d2018 em y0chiy50 ea
101 0  @achi
102    @aCN@b370000
105    @ay z 000gy
106    @ar
200 1  @a千家诗@Aqian jia shi@h下册@i七绝七律@f编著耿建华
210    @a济南@c济南出版社@d2018
215    @a352页@d26cm
225 2  @a国际儒学联合会教育系列丛书@Aguo ji ru xue lian he hui jiao yu xi lie cong shu
225 2  @a中华传统文化经典教师读本@Azhong hua chuan tong wen hua jing dian jiao shi du ben@h第二辑
330    @a本书结合教育工作实际情况,对《千家诗》中“七绝”“七律”进行详细解读,包括原文、作者简介、注释、译文、赏析。原文参照流传广泛的权威版本,为读者诵读提供版本依据;同时加入作者简介,方便读者了解诗的创作背景;注释深入、详细,译文简洁、明了,赏析结合历代注解,对诗歌内容进行深入解读,引导读者准确理解诗歌内容,为读者阅读和理解提供便利。本书读者对象为教师及传统文化爱好者,能够满足教师学习和教学的不同需要。
410  0 @12001 @a国际儒学联合会教育系列丛书
410  0 @12001 @a中华传统文化经典教师读本@h第二辑
517 1  @a七绝七律@Aqi jue qi lv
606 0  @a近体诗@Ajin ti shi@x诗集@y中国@z古代
690    @aI222.72@v5
701  0 @a耿建华@Ageng jian hua@4编著
801  2 @aCN@b上海新华@c20191020
905    @b1185490-3@dI222.72@e731:2@f4
    
    千家诗.下册.七绝七律/编著耿建华.-济南:济南出版社,2018
    352页;26cm.-(国际儒学联合会教育系列丛书).-(中华传统文化经典教师读本.第二辑)
    
    
    ISBN 978-7-5488-2981-2:CNY59.00
    本书结合教育工作实际情况,对《千家诗》中“七绝”“七律”进行详细解读,包括原文、作者简介、注释、译文、赏析。原文参照流传广泛的权威版本,为读者诵读提供版本依据;同时加入作者简介,方便读者了解诗的创作背景;注释深入、详细,译文简洁、明了,赏析结合历代注解,对诗歌内容进行深入解读,引导读者准确理解诗歌内容,为读者阅读和理解提供便利。本书读者对象为教师及传统文化爱好者,能够满足教师学习和教学的不同需要。
●
相关链接 在E读中查询图书 在五车中查询图书 在当当中查询图书 在豆瓣中查询图书


正题名:千家诗     索取号:I222.72/731:2         预约/预借

序号 登录号 条形码 馆藏地/架位号 状态 备注
1 1185490   211854901   第一样本阅览室/ [索取号:I222.72/731:2] 在馆    
2 1185491   211854910   第二借阅区/ [索取号:I222.72/731:2] 在馆    
3 1185492   211854929   第二借阅区/ [索取号:I222.72/731:2] 在馆    
4 1185493   211854938   第二借阅区/ [索取号:I222.72/731:2] 在馆    
唐山师范学院图书馆 欢迎您!
大连网信软件有限公司© 版权所有